An Italy Question Tour - Statistics

General Stats
  • This quiz has been taken 38 times
  • The average score is 19 of 32
Answer Stats
Hint Answer % Correct
Artificial Landmarks 1: Arena built on the former palace of Nero that played host to gladiatorial fights, animal hunts, and executions. Colosseum
97%
Cities 3: City known for its fashion industry. Milan
97%
Cities 4: City where Romeo and Juliet is set. Verona
90%
Natural Landmarks 3: In Greek mythology, the monster Typhoon is buried under this Sicilian volcano. Mount Etna
87%
Cities 1: City that was once a republic ruled by doges. Venice
87%
Cities 2: City home to the oldest university in continuous operation. Bologna
84%
Artificial Landmarks 3: Ruins of a Roman resort town buried in ash, located near Napoli. Pompeii
84%
People 1: First emperor of Rome Augustus
81%
Artificial Landmarks 4: This angled structure is probably stable. Leaning Tower of Pisa
81%
Culture 4: Michelangelo's most famous statue, depicting a king of Judea. David
77%
People 2: He established control of Florence for his family and also gave patronage to many famous artists; an equestrian statue of him can be found near the Palazzo Vecchio Cosimo de Medici
71%
Natural Landmarks 2: Famous lake extoled by the likes of Pliny the Elder, Mark Twain, Lord Byron, and Mary Shelley. Lake Como
71%
People 4: Author of "The Prince." Niccolo Machiavelli
68%
Natural Landmarks 4: Island in the Bay of Naples that is home to the Villa Jovis, a resort home for the emperor Tiberius, and the Blue Grotto. Capri
65%
Food 1: Wrap up a pizza and you get this. Calzone
61%
Culture 1: Painting by Leonardo Da Vinci depicting a famous Biblical scene. The Last Supper
61%
People 3: The "Hero of Two Worlds" and important figure in Italian unification. Giuseppe Garibaldi
58%
Artificial Landmarks 2: Former government offices in Florence/Firenze turned into a museum. Uffizi
58%
Vocab 3: (Adjective) Forte Strong
55%
Vocab 1: (Noun) Giorno Day
48%
Culture 2: Series of epic poems written by Dante Alighieri depicting the afterlife. The Divine Comedy
48%
Vocab 2: (Verb) Mangiare To Eat
48%
Vocab 4: (Conjunction) Ma But
45%
Natural Landmarks 1: Limestone section of the Alps in Northeastern Italy declared a UNESCO World Heritage Site in 2009. Dolomites
39%
Food 4: Lemon liquor from the Bay of Naples. Limoncello
39%
Food 3: Coffee-dipped pastry whose name means "Pick Me Up." Tiramisu
39%
Events 1: One of Rome's most disastrous defeats in the Second Punic War. Cannae
35%
Food 2: Bread topped with olive oils and tomatoes, popular in Tuscany. Bruschetta
26%
Culture 3: Variety of theatre performance known for its reoccuring character archetypes like the Harlequin. Commedia dell'arte
19%
Events 4: Coup that led to Mussolini's fascists gaining power over Italy. March on Rome
16%
Events 2: Battle between the Guelphs (Papal-aligned forces) and Ghibelines (HRE-aligned forces) that never actually featured the eponymous container being stolen until after the war. War of the Bucket
10%
Events 3: Southern Italian town besieged by the Ottoman Empire in 1480. Otranto
6%
No matching quizzes found
Score Distribution
Percent of People with Each Score
Percentile by Number Answered
Your Score History
You have not taken this quiz